[Event "Mercredi 2022.08.31 ABCD"]
[Site "Montreal CAN"]
[Date "2022.09.21"]
[Round "4"]
[White "Kozlov, Guennadi"]
[Black "Baran, Marius"]
[Result "1/2-1/2"]
[WhiteElo "1752"]
[BlackElo "1781"]
[PlyCount "79"]
[EventDate "2022.08.31"]
[EventType "tourn"]
[EventRounds "5"]
[EventCountry "CAN"]

1. e4 d5 2. exd5 Nf6 3. Nc3 Nxd5 4. Nf3 Bg4 5. Bc4 e6 6. Qe2 Nxc3 7. dxc3 Bd6
8. Qe4 Bxf3 9. Qxf3 c6 10. Bf4 Bxf4 11. Qxf4 Qe7 12. O-O-O O-O 13. Rd2 b5 14.
Bd3 g6 15. h4 Nd7 16. Qg3 Nc5 17. h5 Nxd3+ 18. Rxd3 Rad8 19. hxg6 fxg6 20. Rhd1
Rd5 21. Qe3 Qg5 22. R1d2 Qxe3 23. fxe3 Rf1+ 24. Rd1 Rxd1+ 25. Kxd1 Kf7 26. Ke2
Ke7 27. Rd4 c5 28. Rf4 h5 29. c4 Rg5 30. cxb5 Rxg2+ 31. Rf2 Rxf2+ 32. Kxf2 c4
33. b4 cxb3 34. cxb3 Kd6 35. a4 Kc5 36. Kg3 g5 37. Kh3 e5 38. Kg3 e4 39. Kh3
Kb4 40. Kg3 1/2-1/2

[Event "Mercredi 2022.08.31 ABCD"]
[Site "Montreal CAN"]
[Date "2022.09.21"]
[Round "4"]
[White "Latorre, Vincent"]
[Black "Guipi Bopala, Prince Eric jr"]
[Result "1-0"]
[WhiteElo "2136"]
[BlackElo "2079"]
[PlyCount "119"]
[EventDate "2022.08.31"]
[EventType "tourn"]
[EventRounds "5"]
[EventCountry "CAN"]

1. e4 c6 2. d4 d5 3. f3 dxe4 4. fxe4 e5 5. Nf3 exd4 6. Bc4 Qa5+ 7. Nbd2 Nf6 8.
O-O Be7 9. Nb3 Qc7 10. Nfxd4 O-O 11. Bf4 Bd6 12. Bxd6 Qxd6 13. Bd3 Ng4 14. g3
Ne3 15. e5 Qh6 16. Qf3 Nxf1 17. Rxf1 Be6 18. Nxe6 Qxe6 19. Qe4 g6 20. Bc4 Qe7
21. Nd4 Nd7 22. e6 Kg7 23. Qg4 Ne5 24. Nf5+ Kh8 25. Qd4 gxf5 26. Qxe5+ f6 27.
Qxf5 b6 28. Bd3 Rae8 29. Kg2 Rg8 30. Rf4 Rg5 31. Qh3 h5 32. Rh4 Qxe6 33. Rxh5+
Rxh5 34. Qxh5+ Kg7 35. Qh7+ Kf8 36. Qh6+ Ke7 37. Qf4 Qe5 38. Qxe5+ fxe5 39. Be4
c5 40. h4 Kf6 41. g4 Rd8 42. g5+ Kf7 43. h5 Rd4 44. Kf3 Rd1 45. h6 Rg1 46. g6+
Rxg6 47. Bxg6+ Kxg6 48. Ke4 Kxh6 49. Kxe5 Kg5 50. c3 Kg4 51. b4 cxb4 52. cxb4
Kf3 53. b5 Ke3 54. Kd5 Kd3 55. Kc6 Kc4 56. a3 Kd4 57. Kb7 Kc5 58. a4 Kb4 59.
Kxa7 Kxa4 60. Kxb6 1-0

[Event "Mercredi 2022.08.31 ABCD"]
[Site "Montreal CAN"]
[Date "2022.09.21"]
[Round "4"]
[White "Leveille, Francois"]
[Black "Cardin, Guillaume"]
[Result "1-0"]
[WhiteElo "2323"]
[BlackElo "2083"]
[PlyCount "61"]
[EventDate "2022.08.31"]
[EventType "tourn"]
[EventRounds "5"]
[EventCountry "CAN"]

1. e4 e5 2. Nf3 Nc6 3. Bb5 Nf6 4. Nc3 Nd4 5. O-O Nxb5 6. Nxb5 c6 7. Nc3 d6 8.
d4 Qc7 9. h3 Be7 10. a4 O-O 11. Qd3 exd4 12. Qxd4 d5 13. e5 Nd7 14. Re1 Nc5 15.
Qd1 Ne6 16. Ne2 Bc5 17. Ng3 g6 18. Bh6 Re8 19. Qd2 a5 20. Nh2 Nd4 21. Nh5 Bf5
22. Nf6+ Kh8 23. Be3 Bb4 24. Qxd4 Bxe1 25. Rxe1 Re6 26. Nf3 Rd8 27. Qh4 g5 28.
Nxg5 Rxe5 29. Ngxh7 Bxc2 30. Nf8+ Kg7 31. Qh6# 1-0

[Event "Mercredi 2022.08.31 ABCD"]
[Site "Montreal CAN"]
[Date "2022.09.21"]
[Round "4"]
[White "Lima-Barbosa, Raphael"]
[Black "Chapdelaine, Gwyn"]
[Result "1-0"]
[WhiteElo "1835"]
[BlackElo "1873"]
[PlyCount "65"]
[EventDate "2022.08.31"]
[EventType "tourn"]
[EventRounds "5"]
[EventCountry "CAN"]

1. d4 Nf6 2. c4 e6 3. Nc3 Bb4 4. e3 c5 5. Bd3 Nc6 6. Nf3 d5 7. O-O O-O 8. a3
Bxc3 9. bxc3 b6 10. cxd5 exd5 11. c4 cxd4 12. exd4 Bg4 13. Be2 dxc4 14. h3 Bxf3
15. Bxf3 Rc8 16. Bb2 Na5 17. Bc3 Nb3 18. Ra2 Nd5 19. Bxd5 Qxd5 20. Re1 Rfe8 21.
Rae2 Rxe2 22. Qxe2 h6 23. Qg4 Rd8 24. Re5 Qd7 25. Qh4 Nxd4 26. Bxd4 f6 27. Re4
f5 28. Re7 Qd6 29. Rxg7+ Kf8 30. Rxa7 Re8 31. Bg7+ Kg8 32. Qxc4+ Re6 33. Qc8+
1-0

[Event "Mercredi 2022.08.31 ABCD"]
[Site "Montreal CAN"]
[Date "2022.09.21"]
[Round "4"]
[White "Singher, Jean-Pierre"]
[Black "Gadbois, Patrick"]
[Result "0-1"]
[WhiteElo "1906"]
[BlackElo "1904"]
[PlyCount "72"]
[EventDate "2022.08.31"]
[EventType "tourn"]
[EventRounds "5"]
[EventCountry "CAN"]

1. d4 d5 2. Nf3 Nf6 3. c4 e6 4. Nc3 c6 5. e3 Bd6 6. Qc2 Nbd7 7. b3 O-O 8. Bb2
Re8 9. Be2 dxc4 10. Bxc4 b5 11. Bd3 Bb7 12. O-O Rc8 13. Ne4 Nxe4 14. Bxe4 Nf6
15. Bd3 h6 16. Qe2 a6 17. e4 Be7 18. Rad1 Qb6 19. Qe3 c5 20. Qf4 c4 21. Bb1 c3
22. e5 Nd7 23. d5 Bxd5 24. Rxd5 exd5 25. Bf5 Red8 26. Bc1 Rb8 27. Bxd7 Rxd7 28.
e6 Bd6 29. Qg4 fxe6 30. Qxe6+ Rf7 31. Qxd5 Rd8 32. Be3 Qc7 33. Qe6 Qe7 34. Qg4
Bc5 35. Bxh6 c2 36. Ng5 Rxf2 {time} 0-1

[Event "Mercredi 2022.08.31 ABCD"]
[Site "Montreal CAN"]
[Date "2022.09.21"]
[Round "4"]
[White "Wang, Rachel"]
[Black "Brassard, Sylvain"]
[Result "1-0"]
[WhiteElo "1726"]
[BlackElo "1694"]
[PlyCount "71"]
[EventDate "2022.08.31"]
[EventType "tourn"]
[EventRounds "5"]
[EventCountry "CAN"]

1. d4 d5 2. c4 Nc6 3. Nf3 Bg4 4. e3 e5 5. dxe5 dxc4 6. Qxd8+ Rxd8 7. Bxc4 Nxe5
8. Be2 Nd3+ 9. Bxd3 Rxd3 10. Ke2 Rd8 11. Nc3 c6 12. h3 Bc8 13. e4 Bb4 14. Be3
b6 15. Ne5 Bb7 16. Rhd1 Rxd1 17. Rxd1 f6 18. Nd3 Bd6 19. Nf4 Be7 20. Ne6 Kf7
21. Nd8+ Bxd8 22. Rxd8 Ke7 23. Rb8 Ba6+ 24. Kf3 Kd7 25. Ra8 Bb7 26. Rxa7 Kc7
27. Na4 c5 28. Bxc5 bxc5 29. Nxc5 Kb6 30. Rxb7+ Kxc5 31. b4+ Kc4 32. Rb8 h5 33.
a4 Rh6 34. Rxg8 Kxb4 35. Rxg7 Kxa4 36. Kf4 1-0

[Event "Mercredi 2022.08.31 ABCD"]
[Site "Montreal CAN"]
[Date "2022.09.21"]
[Round "4"]
[White "Yu, Zong Yang"]
[Black "Rodrigue-Lemieux, Shawn"]
[Result "0-1"]
[WhiteElo "2489"]
[BlackElo "2481"]
[PlyCount "136"]
[EventDate "2022.08.31"]
[EventType "tourn"]
[EventRounds "5"]
[EventCountry "CAN"]

1. d4 Nf6 2. c4 e6 3. Nc3 Bb4 4. e3 O-O 5. Bd3 d5 6. Nf3 c5 7. O-O cxd4 8. exd4
dxc4 9. Bxc4 b6 10. Bg5 Bb7 11. Re1 Nc6 12. Qd3 h6 13. Bf4 Rc8 14. Rac1 Na5 15.
Bb5 Bxf3 16. Qxf3 Bxc3 17. bxc3 Nd5 18. Bg3 Qg5 19. c4 Nc7 20. Bd7 Rcd8 21. Ba4
Na6 22. Qe4 Rc8 23. Bb5 Nc7 24. Bd7 Rcd8 25. Bh4 Qd2 26. Bxd8 Rxd8 27. Ba4 Rxd4
28. Qe3 Nxc4 29. Qxd2 Nxd2 30. Bc6 Kf8 31. Rc2 Ke7 32. Bb7 Nb5 33. Ba6 Nd6 34.
f3 b5 35. Rec1 Kf6 36. Rc6 g5 37. h3 h5 38. R1c5 N2c4 39. Bxb5 Ne3 40. Be2 Rd2
41. Kf2 Nef5 42. Rc2 Rd5 43. Ra6 g4 44. hxg4 hxg4 45. g3 gxf3 46. Bxf3 Rd3 47.
g4 Nh4 48. Ba8 Nb5 49. Ra5 Nd4 50. g5+ Kg7 51. Rc7 Ng6 52. Be4 Rh3 53. Raxa7
Ne5 54. g6 Nb5 55. Rxf7+ Nxf7 56. Rxf7+ Kg8 57. Rd7 Nc3 58. Bc2 Rh2+ 59. Ke3
Rxc2 60. Kd3 Rc1 61. Ra7 Nd5 62. Kd4 Nb4 63. Rb7 Nc6+ 64. Ke3 Rg1 65. Rb6 Ne7
66. Ke4 Rxg6 67. a4 Kf7 68. a5 Rg4+ 0-1

[Event "Mercredi 2022.08.31 ABCD"]
[Site "Montreal CAN"]
[Date "2022.09.28"]
[Round "5"]
[White "Baran, Marius"]
[Black "Autotte, Daniel"]
[Result "0-1"]
[WhiteElo "1781"]
[BlackElo "1690"]
[PlyCount "124"]
[EventDate "2022.08.31"]
[EventType "tourn"]
[EventRounds "5"]
[EventCountry "CAN"]

1. d4 Nf6 2. c4 e5 3. dxe5 Ng4 4. Bf4 Nc6 5. Nf3 Bb4+ 6. Nbd2 Qe7 7. a3 Bxd2+
8. Qxd2 Ngxe5 9. Nxe5 Nxe5 10. e3 a5 11. Qd5 d6 12. Rd1 O-O 13. Be2 Be6 14. Qd4
Rfd8 15. O-O Nc6 16. Qc3 a4 17. Qc2 Qf6 18. Bd3 h6 19. Bg3 Ne7 20. Rc1 Bf5 21.
e4 Bd7 22. Qc3 Qxc3 23. Rxc3 Nc6 24. c5 Ne5 25. Be2 Bc6 26. cxd6 cxd6 27. f4
Ng6 28. Bf3 Ra5 29. Rd1 Ne7 30. f5 Nc8 31. Rcd3 Rb5 32. R1d2 f6 33. Rd4 Rc5 34.
Kf2 Kf8 35. Ke3 Re8 36. Kf2 Rd8 37. Rb4 Ke7 38. Rbd4 Kf8 39. Be2 d5 40. e5 fxe5
41. Bxe5 Re8 42. Bg3 Kg8 43. Bf4 Nb6 44. Bd6 Ra5 45. Bd3 Nc4 46. Re2 Nxd6 47.
Re6 Ne4+ 48. Ke3 Nc5 49. Rxe8+ Bxe8 50. Rxd5 Bc6 51. Rd8+ Kf7 52. Bc4+ Kf6 53.
g4 Nd7 54. Be6 Re5+ 55. Kf2 Nc5 56. Rf8+ Kg5 57. Bc8 Ne4+ 58. Kg1 Nd2 59. Rf7
Nf3+ 60. Kf2 Kf4 61. Rxg7 Bb5 62. Kg2 Re2+ 0-1

[Event "Mercredi 2022.08.31 ABCD"]
[Site "Montreal CAN"]
[Date "2022.09.28"]
[Round "5"]
[White "Beaudry, Marc-Andre"]
[Black "Batorshyn, Ilia"]
[Result "0-1"]
[WhiteElo "2010"]
[BlackElo "2042"]
[PlyCount "70"]
[EventDate "2022.08.31"]
[EventType "tourn"]
[EventRounds "5"]
[EventCountry "CAN"]

1. e4 c6 2. d4 d5 3. e5 Bf5 4. h4 h6 5. g4 Bd7 6. Nc3 e6 7. Be3 c5 8. dxc5 Nc6
9. f4 d4 10. Bxd4 Nxd4 11. Qxd4 Bc6 12. Qxd8+ Rxd8 13. Bb5 Bxb5 14. Nxb5 Bxc5
15. h5 Ne7 16. Ne2 Nd5 17. O-O-O a6 18. Nd6+ Bxd6 19. exd6 Rxd6 20. Nc3 Ke7 21.
Nxd5+ Rxd5 22. Rxd5 exd5 23. Re1+ Kd6 24. Kd2 Rc8 25. b3 b5 26. c3 a5 27. Kd3
b4 28. c4 dxc4+ 29. bxc4 a4 30. Kd4 Rb8 31. Re2 Kc6 32. c5 b3 33. axb3 Rb4+ 34.
Kc3 Rxb3+ 35. Kc4 Rf3 0-1

[Event "Mercredi 2022.08.31 ABCD"]
[Site "Montreal CAN"]
[Date "2022.09.28"]
[Round "5"]
[White "Cardin, Guillaume"]
[Black "Latorre, Vincent"]
[Result "1-0"]
[WhiteElo "2083"]
[BlackElo "2136"]
[PlyCount "53"]
[EventDate "2022.08.31"]
[EventType "tourn"]
[EventRounds "5"]
[EventCountry "CAN"]

1. d4 Nf6 2. c4 e6 3. Nf3 Bb4+ 4. Bd2 a5 5. a3 Bxd2+ 6. Qxd2 Ne4 7. Qc2 d5 8.
e3 Nd7 9. cxd5 exd5 10. Bd3 Ndf6 11. Nc3 Nxc3 12. bxc3 O-O 13. O-O c6 14. c4
Re8 15. cxd5 cxd5 16. Rfc1 Bd7 17. Ne5 Rc8 18. Qb3 Bc6 19. Rc2 Qd6 20. Rac1 Nd7
21. Bf5 Nxe5 22. dxe5 Qxe5 23. Bxc8 d4 24. Bxb7 Bxb7 25. Qxb7 dxe3 26. Qf3 e2
27. Rxe2 1-0

[Event "Mercredi 2022.08.31 ABCD"]
[Site "Montreal CAN"]
[Date "2022.09.28"]
[Round "5"]
[White "Chapdelaine, Gwyn"]
[Black "Singher, Jean-Pierre"]
[Result "0-1"]
[WhiteElo "1873"]
[BlackElo "1906"]
[PlyCount "52"]
[EventDate "2022.08.31"]
[EventType "tourn"]
[EventRounds "5"]
[EventCountry "CAN"]

1. e4 e6 2. d4 d5 3. exd5 exd5 4. Nf3 Bd6 5. Bd3 Nc6 6. O-O Nge7 7. Bg5 f6 8.
Bh4 Bg4 9. c3 Qd7 10. Bg3 O-O-O 11. Bxd6 Qxd6 12. Nbd2 Ng6 13. Re1 Nf4 14. Bf1
h5 15. a4 h4 16. b4 g5 17. a5 Bf5 18. b5 Nb8 19. b6 a6 20. bxc7 Qxc7 21. Re3 g4
22. Ne1 Rdg8 23. c4 g3 24. Ndf3 Be4 25. cxd5 Nh3+ 26. gxh3 gxh2+ 0-1

[Event "Mercredi 2022.08.31 ABCD"]
[Site "Montreal CAN"]
[Date "2022.09.28"]
[Round "5"]
[White "Gadbois, Patrick"]
[Black "Di Matteo, Alessio"]
[Result "1-0"]
[WhiteElo "1904"]
[BlackElo "1909"]
[PlyCount "83"]
[EventDate "2022.08.31"]
[EventType "tourn"]
[EventRounds "5"]
[EventCountry "CAN"]

1. d4 Nf6 2. Nf3 e6 3. e3 c5 4. Bd3 Nc6 5. c3 d5 6. Nbd2 Bd6 7. O-O Bd7 8. dxc5
Bxc5 9. e4 Qc7 10. exd5 Nxd5 11. Ne4 Be7 12. a3 h6 13. c4 Nf6 14. Qc2 O-O-O 15.
b4 Nxe4 16. Bxe4 f5 17. Bd3 Bf6 18. Bb2 Ne7 19. Rfe1 Rhe8 20. Be5 Bxe5 21. Nxe5
Rf8 22. b5 Kb8 23. c5 Rc8 24. Rac1 Nd5 25. c6 Be8 26. Qb2 Rf6 27. cxb7 Qxb7 28.
Rxc8+ Kxc8 29. Rc1+ Kb8 30. a4 Nf4 31. Bf1 Nd5 32. Nc4 Qc7 33. Ne5 Qb7 34. Nd3
Ka8 35. Nc5 Qb8 36. Na6 Qd8 37. Qe5 Bd7 38. g3 f4 39. Bc4 Rf5 40. Qxf5 Bc6 41.
Qxe6 Bb7 42. Bxd5 1-0

[Event "Mercredi 2022.08.31 ABCD"]
[Site "Montreal CAN"]
[Date "2022.09.28"]
[Round "5"]
[White "Guipi Bopala, Prince Eric jr"]
[Black "Yu, Zong Yang"]
[Result "0-1"]
[WhiteElo "2079"]
[BlackElo "2489"]
[PlyCount "54"]
[EventDate "2022.08.31"]
[EventType "tourn"]
[EventRounds "5"]
[EventCountry "CAN"]

1. d4 Nf6 2. c4 e6 3. Nc3 Bb4 4. e3 O-O 5. Nge2 d5 6. a3 Bd6 7. cxd5 exd5 8.
Nf4 c6 9. Be2 Re8 10. O-O Na6 11. b4 Nc7 12. Qb3 Ne6 13. Nxe6 Bxe6 14. Na4 b6
15. Qc2 Qc7 16. h3 Qd7 17. Bd3 Bc7 18. Bd2 Bxh3 19. gxh3 Qxh3 20. f4 Qg3+ 21.
Kh1 Ng4 22. Bc1 Qh3+ 23. Kg1 Nxe3 24. Bxe3 Rxe3 25. Rf2 Rg3+ 26. Rg2 Rxg2+ 27.
Qxg2 Qxd3 0-1

[Event "Mercredi 2022.08.31 ABCD"]
[Site "Montreal CAN"]
[Date "2022.09.28"]
[Round "5"]
[White "Kozlov, Guennadi"]
[Black "Brassard, Sylvain"]
[Result "0-1"]
[WhiteElo "1752"]
[BlackElo "1694"]
[PlyCount "84"]
[EventDate "2022.08.31"]
[EventType "tourn"]
[EventRounds "5"]
[EventCountry "CAN"]

1. e4 d5 2. exd5 Qxd5 3. Nc3 Qd6 4. d4 Nf6 5. Nf3 a6 6. Bc4 Bg4 7. Qd3 Nc6 8.
Ng5 e6 9. Nge4 Nxe4 10. Nxe4 Qxd4 11. Qxd4 Nxd4 12. Bb3 Bf5 13. f3 Bxe4 14.
fxe4 Nxb3 15. axb3 Bd6 16. Be3 Be5 17. O-O-O Ke7 18. Bc5+ Bd6 19. Bd4 Bf4+ 20.
Kb1 f6 21. g3 Bd6 22. c4 Bb4 23. Be3 Rad8 24. Kc2 Rxd1 25. Rxd1 Rd8 26. Rf1 h5
27. h3 Bd6 28. Rg1 Be5 29. Rg2 Kf7 30. g4 hxg4 31. hxg4 Rh8 32. Bg1 Rh3 33. g5
Rg3 34. Rxg3 Bxg3 35. gxf6 Kxf6 36. Bd4+ Be5 37. Be3 Kg6 38. b4 Kh5 39. b3 Kg4
40. Kd3 Kf3 41. Bd2 Bf4 42. Be1 g5 0-1

[Event "Mercredi 2022.08.31 ABCD"]
[Site "Montreal CAN"]
[Date "2022.09.28"]
[Round "5"]
[White "Mok, Yuen Tak"]
[Black "Genzling, Jerome"]
[Result "0-1"]
[WhiteElo "2056"]
[BlackElo "1997"]
[PlyCount "108"]
[EventDate "2022.08.31"]
[EventType "tourn"]
[EventRounds "5"]
[EventCountry "CAN"]

1. e4 c5 2. Nf3 Nc6 3. Bb5 g6 4. O-O Bg7 5. c3 a6 6. Bxc6 dxc6 7. Qe2 Bg4 8. d3
e5 9. Nbd2 Nf6 10. h3 Bxf3 11. Nxf3 Nd7 12. a4 a5 13. Nd2 O-O 14. Nc4 Re8 15.
f4 Qc7 16. fxe5 Nxe5 17. Bf4 b5 18. axb5 cxb5 19. Ne3 Qc6 20. Nd5 c4 21. Bxe5
cxd3 22. Qxd3 Rxe5 23. Rf4 Qc5+ 24. Kh1 f5 25. Rd1 Bh6 26. Nf6+ Kg7 27. Nd7 Qe7
28. Nxe5 Bxf4 29. Nc6 Qxe4 30. Qxb5 Re8 31. Nd4 Qe1+ 32. Qf1 Qg3 33. Qg1 Kf6
34. Rf1 g5 35. Rf3 Qh4 36. Rf1 Re3 37. Nf3 Qg3 38. Re1 Rxe1 39. Qxe1 Qxe1+ 40.
Nxe1 Be3 41. g3 Bf2 42. Nd3 Bxg3 43. Kg2 Bd6 44. b3 g4 45. Nb2 Be5 46. Na4 h5
47. b4 axb4 48. cxb4 Bd4 49. b5 Ke6 50. Kg3 Ke5 51. hxg4 hxg4 52. Kh4 Bf2+ 53.
Kg5 g3 54. b6 g2 0-1

[Event "Mercredi 2022.08.31 ABCD"]
[Site "Montreal CAN"]
[Date "2022.09.28"]
[Round "5"]
[White "Plante, Michel"]
[Black "Adam, Rafael"]
[Result "0-1"]
[WhiteElo "2008"]
[BlackElo "2030"]
[PlyCount "56"]
[EventDate "2022.08.31"]
[EventType "tourn"]
[EventRounds "5"]
[EventCountry "CAN"]

1. f4 Nf6 2. Nf3 d6 3. d3 Nbd7 4. e4 e5 5. Be2 Be7 6. O-O O-O 7. Nc3 c6 8. h3
Qc7 9. f5 d5 10. g4 dxe4 11. Nxe4 Rd8 12. Qe1 Nxe4 13. dxe4 Nc5 14. Bc4 b5 15.
Bb3 a5 16. Ng5 Bxg5 17. Bxg5 Rd4 18. Rd1 Rxd1 19. Qxd1 a4 20. Bxf7+ Kxf7 21. f6
g6 22. Qe1 Be6 23. Qh4 Kg8 24. f7+ Bxf7 25. Bh6 Nxe4 26. g5 Qa7+ 27. Kh2 Qe3
28. Qg4 Rd8 0-1

[Event "Mercredi 2022.08.31 ABCD"]
[Site "Montreal CAN"]
[Date "2022.09.28"]
[Round "5"]
[White "Rodrigue-Lemieux, Shawn"]
[Black "Leveille, Francois"]
[Result "1-0"]
[WhiteElo "2481"]
[BlackElo "2323"]
[PlyCount "61"]
[EventDate "2022.08.31"]
[EventType "tourn"]
[EventRounds "5"]
[EventCountry "CAN"]

1. a3 g6 2. d4 Nf6 3. Nf3 Bg7 4. e3 O-O 5. Be2 d6 6. O-O Nbd7 7. c4 e5 8. Nc3
e4 9. Nd2 Re8 10. Qc2 Qe7 11. b4 Nf8 12. Bb2 Bf5 13. Rfc1 Ne6 14. Nf1 h5 15.
Ng3 h4 16. Nxf5 gxf5 17. Kh1 Ng5 18. Rg1 Ng4 19. Raf1 c6 20. Qd1 Qd7 21. Bc1
Kh7 22. f4 exf3 23. gxf3 Nxe3 24. Bxe3 Rxe3 25. Rxg5 Qe7 26. Rfg1 Bh6 27. Rh5
Rxc3 28. Bd3 Qe3 29. Bxf5+ Kh8 30. Qe2 Qf4 31. Qg2 1-0

[Event "Mercredi 2022.08.31 ABCD"]
[Site "Montreal CAN"]
[Date "2022.09.28"]
[Round "5"]
[White "San Roman, Oscar"]
[Black "Lima-Barbosa, Raphael"]
[Result "0-1"]
[WhiteElo "1911"]
[BlackElo "1835"]
[PlyCount "58"]
[EventDate "2022.08.31"]
[EventType "tourn"]
[EventRounds "5"]
[EventCountry "CAN"]

1. Nf3 Nf6 2. c4 g6 3. Nc3 Bg7 4. e4 d6 5. d4 O-O 6. Be2 e5 7. dxe5 dxe5 8. Qc2
Nc6 9. Bg5 h6 10. Bh4 g5 11. Bg3 Nh5 12. Rd1 Qe8 13. Nd5 Nxg3 14. hxg3 g4 15.
Nh4 Nd4 16. Qd2 Qd8 17. Nf5 Bxf5 18. exf5 Nxf5 19. Bxg4 Nd4 20. Rxh6 f5 21. Bh3
c6 22. Nc3 Bxh6 23. Qxh6 Qf6 24. Qh5 Rad8 25. Kf1 Qf7 26. Qg5+ Qg7 27. Qh4 Rd6
28. g4 Rh6 29. Qg3 fxg4 0-1

[Event "Mercredi 2022.08.31 ABCD"]
[Site "Montreal CAN"]
[Date "2022.09.28"]
[Round "5"]
[White "Wang, Rachel"]
[Black "Cote, Etienne"]
[Result "1-0"]
[WhiteElo "1726"]
[BlackElo "1769"]
[PlyCount "71"]
[EventDate "2022.08.31"]
[EventType "tourn"]
[EventRounds "5"]
[EventCountry "CAN"]

1. d4 Nf6 2. c4 g6 3. Nc3 Bg7 4. e4 O-O 5. Nf3 d6 6. Be2 e5 7. O-O exd4 8. Nxd4
Re8 9. f3 c6 10. Be3 d5 11. cxd5 cxd5 12. Bg5 Qb6 13. Na4 Qd6 14. Nb5 Qe5 15.
Qc1 Na6 16. Bf4 Qe7 17. Nd6 Rd8 18. Bxa6 bxa6 19. e5 Nh5 20. Bg5 f6 21. Qc6
fxg5 22. Qxa8 Be6 23. Qb7 Rd7 24. Qc8+ Rd8 25. Qc3 Nf4 26. Rfe1 g4 27. Nc5 Rxd6
28. exd6 Qxd6 29. Qe3 d4 30. Qe4 Qxc5 31. Qxf4 d3+ 32. Kh1 Qb6 33. Qe3 Qxe3 34.
Rxe3 Bxb2 35. Rb1 Bd4 36. Rxe6 1-0

[Event "Mercredi 2022.10.05 ABCD"]
[Site "Montreal CAN"]
[Date "2022.10.05"]
[Round "1"]
[White "Adam, Rafael"]
[Black "Tremblay, Alain"]
[Result "1-0"]
[WhiteElo "2216"]
[BlackElo "2164"]
[PlyCount "69"]
[EventDate "2022.10.05"]
[EventType "tourn"]
[EventRounds "5"]
[EventCountry "CAN"]

1. d4 c6 2. c4 Nf6 3. Nf3 d5 4. e3 g6 5. b3 Bg7 6. Bb2 O-O 7. Be2 Bg4 8. O-O
Nbd7 9. Nbd2 Re8 10. Rc1 a5 11. a3 Qb6 12. cxd5 cxd5 13. Qc2 Rab8 14. a4 Bf5
15. Qc3 h6 16. Bb5 Red8 17. Ba3 Bf8 18. b4 axb4 19. Bxb4 Qa7 20. Qa3 e6 21. Rc7
Rbc8 22. Rfc1 Rxc7 23. Rxc7 Qb6 24. Rc3 Ra8 25. Bxf8 Rxf8 26. h3 g5 27. Qb4 Kg7
28. Rc1 Qd8 29. Qd6 Nb8 30. Qc7 Nc6 31. Qxb7 Nb4 32. Ne5 Qd6 33. Rc7 Bg6 34.
Nxg6 Kxg6 35. Nf3 1-0

[Event "Mercredi 2022.10.05 ABCD"]
[Site "Montreal CAN"]
[Date "2022.10.05"]
[Round "1"]
[White "Baran, Marius"]
[Black "Allaire, Denis"]
[Result "0-1"]
[WhiteElo "1722"]
[BlackElo "1727"]
[PlyCount "148"]
[EventDate "2022.10.05"]
[EventType "tourn"]
[EventRounds "5"]
[EventCountry "CAN"]

1. d4 d5 2. c4 c6 3. cxd5 cxd5 4. Nc3 Nf6 5. Bf4 Nc6 6. e3 a6 7. Bd3 Bg4 8.
Nge2 e6 9. a3 Be7 10. Rc1 Rc8 11. O-O Nh5 12. f3 Nxf4 13. Nxf4 Bf5 14. Bxf5
exf5 15. Nfxd5 Bd6 16. e4 Nxd4 17. exf5 Nxf5 18. Re1+ Kf8 19. f4 Bc5+ 20. Kh1
h5 21. Ne4 Bd4 22. Rxc8 Qxc8 23. Nd6 Nxd6 24. Qxd4 Rh6 25. h3 Qc2 26. Qb6 Kg8
27. Qd8+ Kh7 28. Ne7 Re6 29. Qg8+ Kh6 30. Qh8+ Qh7 31. Rxe6+ fxe6 32. Qxh7+
Kxh7 33. b3 g6 34. g4 Kg7 35. f5 gxf5 36. gxf5 Kf6 37. Ng6 Nxf5 38. Nf4 h4 39.
Nd3 e5 40. Kg2 e4 41. Nc5 Nd6 42. Kf2 Ke5 43. Ke3 a5 44. Nd7+ Kf5 45. a4 b5 46.
axb5 Nxb5 47. Nc5 Nc3 48. Nb7 Nd5+ 49. Kf2 Kf4 50. Nxa5 e3+ 51. Ke1 Kg3 52. Nc4
Kxh3 53. Kf1 Kg3 54. Nxe3 Nxe3+ 55. Kg1 Nf5 56. b4 Kf4 57. Kh2 Ke4 58. b5 Kd5
59. b6 Kc6 60. b7 Kxb7 61. Kh3 Kc6 62. Kg4 Kd5 63. Kh3 Ke4 64. Kg4 Ke3 65. Kh3
Kf3 66. Kh2 Kg4 67. Kg2 Nd4 68. Kh2 Ne2 69. Kg2 Nf4+ 70. Kh2 Kf3 71. Kh1 Kg3
72. Kg1 Nd3 73. Kh1 Nf2+ 74. Kg1 h3 0-1

[Event "Mercredi 2022.10.05 ABCD"]
[Site "Montreal CAN"]
[Date "2022.10.05"]
[Round "1"]
[White "Barko, Maxim"]
[Black "Nunez, Omar"]
[Result "1-0"]
[WhiteElo "1925"]
[BlackElo "1916"]
[PlyCount "29"]
[EventDate "2022.10.05"]
[EventType "tourn"]
[EventRounds "5"]
[EventCountry "CAN"]

1. e4 d5 2. exd5 Qxd5 3. Nc3 Qd6 4. d4 Nf6 5. Be2 a6 6. Nf3 g6 7. Ne5 c5 8. Nc4
Qd8 9. dxc5 Qxd1+ 10. Bxd1 Nbd7 11. Na4 Bg7 12. Nab6 Rb8 13. Bf4 e5 14. Nxe5
Nxb6 15. cxb6 1-0

[Event "Mercredi 2022.10.05 ABCD"]
[Site "Montreal CAN"]
[Date "2022.10.05"]
[Round "1"]
[White "Batorshyn, Ilia"]
[Black "Mok, Yuen Tak"]
[Result "1-0"]
[WhiteElo "2080"]
[BlackElo "1995"]
[PlyCount "99"]
[EventDate "2022.10.05"]
[EventType "tourn"]
[EventRounds "5"]
[EventCountry "CAN"]

1. e4 c6 2. d4 d5 3. e5 Bf5 4. c4 e6 5. Nc3 Bb4 6. a3 Bxc3+ 7. bxc3 Ne7 8. Be2
O-O 9. h4 dxc4 10. Bxc4 c5 11. Ne2 cxd4 12. cxd4 Qc7 13. Bd3 Nbc6 14. Bb2 Rfd8
15. Qc2 Qa5+ 16. Bc3 Qd5 17. O-O Bxd3 18. Qxd3 Nxe5 19. Qg3 N5g6 20. Qh3 Qe4
21. Rfe1 Qxh4 22. Qf3 Nd5 23. Bd2 Rac8 24. Rad1 Rd7 25. Qb3 Rcd8 26. Ng3 Qe7
27. Ne4 h6 28. Nc5 Rc7 29. Qb1 b6 30. Nxe6 fxe6 31. Qxg6 Qf6 32. Qg4 Rc6 33.
Re5 Rdd6 34. Rde1 Kh7 35. f4 Qg6 36. Qf3 Nf6 37. Bb4 Rd5 38. f5 Qg5 39. fxe6
Rxe5 40. dxe5 Rxe6 41. exf6 Rxf6 42. Qe4+ Rg6 43. Rd1 Kg8 44. Be7 Qg4 45. Rd8+
Kh7 46. Qa8 Re6 47. Rh8+ Kg6 48. Qe8+ Kf5 49. Rf8+ Rf6 50. Qd7+ 1-0

[Event "Mercredi 2022.10.05 ABCD"]
[Site "Montreal CAN"]
[Date "2022.10.05"]
[Round "1"]
[White "Beaudry, Marc-Andre"]
[Black "Toenz, Antoine"]
[Result "1-0"]
[WhiteElo "2033"]
[BlackElo "2052"]
[PlyCount "79"]
[EventDate "2022.10.05"]
[EventType "tourn"]
[EventRounds "5"]
[EventCountry "CAN"]

1. e4 c6 2. d4 d5 3. e5 c5 4. dxc5 Nc6 5. f4 e6 6. Be3 Nh6 7. a3 Nf5 8. Bf2
Qa5+ 9. Qd2 Bxc5 10. Qxa5 Bxf2+ 11. Kxf2 Nxa5 12. Nd2 O-O 13. Bd3 Ne7 14. Ngf3
Bd7 15. b4 Nac6 16. Nb3 b6 17. b5 Nd8 18. Nbd4 Nb7 19. a4 Nc5 20. a5 Rfc8 21.
Ra3 Nb7 22. Nb3 bxa5 23. Rha1 g6 24. Nfd4 Kg7 25. Nxa5 Nc5 26. Nab3 Nxd3+ 27.
cxd3 Nf5 28. Rxa7 Rxa7 29. Rxa7 Bxb5 30. Nxb5 Rc2+ 31. Kf3 Nh4+ 32. Kg4 Rxg2+
33. Kxh4 Rxh2+ 34. Kg3 Rc2 35. Kf3 Rh2 36. Nd6 Rh3+ 37. Ke2 Rh2+ 38. Ke3 Rh3+
39. Kd4 h5 40. Nxf7 1-0